| 000 | 00757nam a22002057a 4500 | ||
|---|---|---|---|
| 999 |
_c17535 _d17535 |
||
| 003 | AR-CdUCM | ||
| 008 | 190508b ||||| |||| 00| 0 spa d | ||
| 040 |
_aMUNICIPALIDAD PROVINCIAL DEL CUSCO _cBIBLIOTECA MUNICIPAL DEL CUSCO |
||
| 082 |
_a551.5 / _bB56 |
||
| 100 |
_aBixby, William _937591 |
||
| 245 | _aS.O.S Estación meteorológica / | ||
| 260 |
_aMéxico : _bPax-Medico, _c1967. |
||
| 300 |
_a191 paginas ; _c19 cm. |
||
| 505 | _aContenido :Estación Caribou --Estación Kennedy --Estación Washington --Midiendo y dibujando el cielo --Origen y expansión del departamento meteorológico ... | ||
| 650 |
_aMetrorragia _937592 |
||
| 650 |
_aEstación _937593 |
||
| 650 |
_aClimatología _917045 |
||
| 942 |
_2ddc _cLIBROS |
||
| 945 |
_arjall _d2019-05-08 |
||